Detalles MARC
| 000 -CABECERA |
| campo de control de longitud fija |
01324nam a2200265 i 4500 |
| 001 - NÚMERO DE CONTROL |
| campo de control |
18314 |
| 003 - IDENTIFICADOR DEL NÚMERO DE CONTROL |
| campo de control |
DO-SdUEMH |
| 005 - FECHA Y HORA DE LA ÚLTIMA TRANSACCIÓN |
| campo de control |
20260112154205.0 |
| 007 - CAMPO FIJO DE DESCRIPCIÓN FÍSICA--INFORMACIÓN GENERAL |
| campo de control de longitud fija |
ta |
| 008 - DATOS DE LONGITUD FIJA--INFORMACIÓN GENERAL |
| campo de control de longitud fija |
260112s2009 sp a|||gr|||| 00| 0 spa d |
| 020 ## - NÚMERO INTERNACIONAL ESTÁNDAR DEL LIBRO |
| Número Internacional Estándar del Libro |
9788496998018 |
| 040 ## - FUENTE DE LA CATALOGACIÓN |
| Centro catalogador/agencia de origen |
DO-SdUEMH |
| Lengua de catalogación |
spa |
| Normas de descripción |
rda |
| 041 ## - CÓDIGO DE LENGUA |
| Código de lengua del texto/banda sonora o título independiente |
spa |
| 082 14 - NÚMERO DE LA CLASIFICACIÓN DECIMAL DEWEY |
| Número de clasificación |
P666 |
| Colección |
Colección General |
| 100 #1 - ENTRADA PRINCIPAL--NOMBRE DE PERSONA |
| Término indicativo de función/relación |
autor |
| 245 ## - MENCIÓN DE TÍTULO |
| Título |
El Jardinero en la Empresa: |
| Resto del título |
coaching para mejorar tus habilidades / |
| Mención de responsabilidad, etc. |
César Piqueras |
| 264 #1 - PRODUCCIÓN, PUBLICACIÓN, DISTRIBUCIÓN, FABRICACIÓN Y COPYRIGHT |
| Lugar de producción, publicación, distribución, fabricación |
Barcelona, España : |
| Nombre del de productor, editor, distribuidor, fabricante |
Bresca Editorial, S.L. |
| Fecha de producción, publicación, distribución, fabricación o copyright |
2009 |
| 264 #4 - PRODUCCIÓN, PUBLICACIÓN, DISTRIBUCIÓN, FABRICACIÓN Y COPYRIGHT |
| Fecha de producción, publicación, distribución, fabricación o copyright |
©2009 |
| 300 ## - DESCRIPCIÓN FÍSICA |
| Extensión |
166 páginas : |
| Otras características físicas |
ilustraciones ; |
| Dimensiones |
21 cm. |
| 336 ## - TIPO DE CONTENIDO |
| Fuente |
rdacontent |
| Término de tipo de contenido |
texto |
| Código de tipo de contenido |
txt |
| 337 ## - TIPO DE MEDIO |
| Fuente |
rdamedia |
| Nombre del tipo de medio |
sin mediación |
| Código del tipo de medio |
n |
| 338 ## - TIPO DE SOPORTE |
| Fuente |
rdacarrier |
| Nombre del tipo de soporte |
volumen |
| Código del tipo de soporte |
nc |
| 505 #2 - NOTA DE CONTENIDO CON FORMATO |
| Nota de contenido con formato |
Capítulo I: Punto de inflexión -- Capítulo II: Un regalo desde Italia -- Capítulo III: Llegada a Montepulciano -- Capítulo IV: Sobre el arte de la jardinería -- Capítulo V: Sobre el directivo coach -- Capítulo VI: Sobre la empatía -- Capítulo VII: Sobre la escucha -- Capítulo VIII: Sobre la importancia de experimentar -- Capítulo IX: Sobre la motivación -- Capítulo X: Sobre los planes de acción -- Capítulo XI: Sobre las habilidades del coach -- Capítulo XII: Sobre el reconocimiento -- Capítulo XIII: Sobre la autogestión -- Capítulo XIV: Sobre la contribución. |
| 942 ## - ELEMENTOS DE PUNTO DE ACCESO ADICIONAL (KOHA) |
| Fuente del sistema de clasificación o colocación |
Dewey Decimal Classification |
| Tipo de ítem Koha |
Libro |
| Suprimir en OPAC |
No |